[Event "Tradewise Gibraltar Chess Festival 2013"]
[Site "Gibraltar ENG"]
[Date "2013.01.22"]
[Round "1.60"]
[White "Kuipers, Stefan"]
[Black "Grigoryan, Meri"]
[Result "1/2-1/2"]
[WhiteElo "2431"]
[BlackElo "2025"]
[PlyCount "141"]
[EventDate "2013.01.22"]
[EventType "swiss"]
[EventRounds "10"]
[EventCountry "ENG"]
[Source "lmi"]
[SourceDate "2013.01.22"]

1. e4 e5 2. Nf3 Nf6 3. Nxe5 d6 4. Nf3 Nxe4 5. Nc3 Nf6 6. d4 Be7 7. Bf4 Bg4 8.
Be2 O-O 9. Qd2 d5 10. h3 Bf5 11. Ne5 Bb4 12. O-O c5 13. Bf3 Nc6 14. dxc5 Ne4
15. Bxe4 Bxe4 16. Nxc6 bxc6 17. Qd4 Bxc3 18. Qxc3 Re8 19. Rfe1 Qd7 20. Re2 Bg6
21. Rae1 h6 22. b4 Rxe2 23. Rxe2 Re8 24. Rxe8+ Qxe8 25. a4 Qe4 26. Be5 f6 27.
Bd4 a6 28. b5 cxb5 29. axb5 axb5 30. c6 Bf5 31. c7 Qe8 32. Qc5 Be6 33. Qb6 Bc8
34. c3 Qe1+ 35. Kh2 Qe8 36. Qd6 Qe6 37. Qc5 Qe8 38. Qxd5+ Kh7 39. f4 Qd7 40.
Qc5 Qf5 41. Qd6 Bb7 42. Be3 Qe4 43. Qd2 Qc6 44. Qd3+ g6 45. Qe2 Qxc3 46. Bb6
Qc6 47. h4 b4 48. Kg3 b3 49. Bd4 Kg7 50. c8=Q Bxc8 51. Qe7+ Kg8 52. Bxf6 Qd7
53. Qb4 Kf7 54. Bb2 Qg4+ 55. Kh2 Qxh4+ 56. Kg1 Be6 57. Qe4 Qd8 58. Qe5 Qd1+ 59.
Kf2 Qc2+ 60. Ke3 Qf5 61. Qc7+ Bd7 62. Qc3 Qe6+ 63. Kf2 Bb5 64. Kg3 h5 65. Kh2
Bc6 66. Qg7+ Ke8 67. Qh8+ Kd7 68. Qg7+ Kc8 69. Be5 Bd7 70. Qf8+ Kb7 71. Qb8+
1/2-1/2

[Event "Tradewise Gibraltar Chess Festival 2013"]
[Site "Gibraltar ENG"]
[Date "2013.01.22"]
[Round "1.61"]
[White "Hamer, Martyn"]
[Black "Trent, Lawrence"]
[Result "0-1"]
[WhiteElo "2025"]
[BlackElo "2429"]
[PlyCount "98"]
[EventDate "2013.01.22"]
[EventType "swiss"]
[EventRounds "10"]
[EventCountry "ENG"]
[Source "lmi"]
[SourceDate "2013.01.22"]

1. Nf3 Nf6 2. c4 g6 3. g3 Bg7 4. Bg2 O-O 5. O-O d6 6. d4 c6 7. Nc3 Qb6 8. h3
Qa6 9. c5 dxc5 10. dxc5 Qa5 11. Be3 Be6 12. Nd4 Bc8 13. a3 Rd8 14. b4 Qc7 15.
Qc1 e5 16. Nf3 Nd5 17. Nxd5 cxd5 18. Ra2 Nc6 19. Rd1 d4 20. Bh6 Be6 21. Bxg7
Kxg7 22. Rb2 h6 23. Nd2 f5 24. Nc4 Bxc4 25. Qxc4 e4 26. Qc1 Rac8 27. Rbd2 Qe5
28. Qb2 a6 29. a4 e3 30. f4 Qf6 31. Rd3 a5 32. b5 Ne7 33. Qc2 Rc7 34. Qc4 Rcd7
35. b6 g5 36. Qb5 gxf4 37. gxf4 Ng6 38. c6 bxc6 39. Qxc6 Nxf4 40. b7 Qxc6 41.
Bxc6 Rd6 42. Rb3 Rxc6 43. b8=Q Rxb8 44. Rxb8 Nxe2+ 45. Kf1 Nf4 46. Rdb1 d3 47.
R1b7+ Kf6 48. Rb6 Rxb6 49. Rxb6+ Ke5 0-1

[Event "Tradewise Gibraltar Chess Festival 2013"]
[Site "Gibraltar ENG"]
[Date "2013.01.22"]
[Round "1.62"]
[White "Docx, Stefan"]
[Black "Fairbairn, Stephen"]
[Result "1-0"]
[WhiteElo "2426"]
[BlackElo "2021"]
[PlyCount "53"]
[EventDate "2013.01.22"]
[EventType "swiss"]
[EventRounds "10"]
[EventCountry "ENG"]
[Source "lmi"]
[SourceDate "2013.01.22"]

1. d4 Nf6 2. c4 d6 3. Nf3 Bf5 4. Nc3 g6 5. h3 Bg7 6. g4 Bc8 7. e4 Nc6 8. Be3
O-O 9. Be2 e5 10. d5 Ne7 11. c5 Ne8 12. Nd2 f5 13. f3 Kh8 14. Nc4 Ng8 15. Qd2
Bh6 16. O-O-O Bxe3 17. Qxe3 f4 18. Qf2 Kg7 19. Kb1 Qe7 20. cxd6 cxd6 21. Nb5 a6
22. Nb6 Rb8 23. Rc1 Bd7 24. Nc7 Nxc7 25. Rxc7 Rfd8 26. Bd1 Qe8 27. Ba4 1-0

[Event "Tradewise Gibraltar Chess Festival 2013"]
[Site "Gibraltar ENG"]
[Date "2013.01.22"]
[Round "1.63"]
[White "Iasman, Inna"]
[Black "Telljohann, Sven"]
[Result "0-1"]
[WhiteElo "2019"]
[BlackElo "2423"]
[PlyCount "96"]
[EventDate "2013.01.22"]
[EventType "swiss"]
[EventRounds "10"]
[EventCountry "ENG"]
[Source "lmi"]
[SourceDate "2013.01.22"]

1. d4 g6 2. c4 Bg7 3. Nf3 c5 4. d5 d6 5. e4 Nf6 6. Nc3 O-O 7. Bd3 Bg4 8. h3
Bxf3 9. Qxf3 Na6 10. O-O Nc7 11. Qe2 e6 12. Bg5 exd5 13. cxd5 Qd7 14. g4 h6 15.
Bh4 Rae8 16. Qd2 b5 17. f3 b4 18. Ne2 Nh7 19. Bg3 Rb8 20. Kg2 a5 21. Rab1 Nf6
22. Bc4 Qe7 23. Bf4 Kh7 24. g5 hxg5 25. Bxg5 Nxe4 26. Bxe7 Nxd2 27. Bxf8 Rxf8
28. Rfc1 Re8 29. Kf2 Bf6 30. Ng3 Bd4+ 31. Kg2 f5 32. b3 Nxb1 33. Rxb1 Re5 34.
f4 Re7 35. h4 Bf6 36. h5 Bh4 37. hxg6+ Kxg6 38. Ne2 Nxd5 39. Rh1 Ne3+ 40. Kf3
Nxc4 41. bxc4 Rh7 42. Rd1 Rd7 43. Rg1+ Kf7 44. Rh1 Bf6 45. Ng3 a4 46. Rb1 d5
47. Nxf5 dxc4 48. Ne3 b3 0-1

[Event "Tradewise Gibraltar Chess Festival 2013"]
[Site "Gibraltar ENG"]
[Date "2013.01.22"]
[Round "1.64"]
[White "Houska, Jovanka"]
[Black "Ungureanu, Sandu"]
[Result "1-0"]
[WhiteElo "2416"]
[BlackElo "2019"]
[PlyCount "81"]
[EventDate "2013.01.22"]
[EventType "swiss"]
[EventRounds "10"]
[EventCountry "ENG"]
[Source "lmi"]
[SourceDate "2013.01.22"]

1. d4 Nf6 2. Nf3 g6 3. c4 d6 4. g3 Bg7 5. Bg2 O-O 6. O-O Nc6 7. Nc3 e5 8. dxe5
dxe5 9. Bg5 h6 10. Qxd8 Rxd8 11. Bxf6 Bxf6 12. Nd5 Bg7 13. Nxc7 Rb8 14. e4 Bg4
15. Nd5 Bxf3 16. Bxf3 b5 17. cxb5 Rxb5 18. b3 Nd4 19. Bd1 Rc5 20. b4 Rc4 21. f3
f5 22. Bb3 Nxb3 23. axb3 Rd4 24. Ne7+ Kf7 25. Nc6 R8d7 26. Nxd4 exd4 27. Ra5
fxe4 28. fxe4+ Ke7 29. Kf2 d3 30. Ke3 d2 31. Rd5 Rxd5 32. exd5 Bc3 33. b5 Kd6
34. Kd3 Bb4 35. Kc2 Kxd5 36. Rf6 Kc5 37. Rxg6 Kxb5 38. Rxh6 a5 39. Re6 Bc3 40.
Re4 Bb4 41. h4 1-0

[Event "Tradewise Gibraltar Chess Festival 2013"]
[Site "Gibraltar ENG"]
[Date "2013.01.22"]
[Round "1.65"]
[White "Novoa, Fernando"]
[Black "Moreno Tejera, Emilio"]
[Result "1/2-1/2"]
[WhiteElo "2017"]
[BlackElo "2413"]
[PlyCount "102"]
[EventDate "2013.01.22"]
[EventType "swiss"]
[EventRounds "10"]
[EventCountry "ENG"]
[Source "lmi"]
[SourceDate "2013.01.22"]

1. d4 Nf6 2. c4 g6 3. Nc3 Bg7 4. e4 d6 5. Be2 O-O 6. Bg5 h6 7. Be3 c5 8. d5 e6
9. h3 exd5 10. exd5 Re8 11. Qd2 Kh7 12. Nf3 b5 13. cxb5 Nbd7 14. a4 a6 15. O-O
Ne4 16. Nxe4 Rxe4 17. Qc2 Rb4 18. Rab1 axb5 19. Bxb5 Nb6 20. b3 Nxd5 21. Bd2
Rxb5 22. axb5 Bf5 23. Qc4 Bxb1 24. Qxd5 Bf5 25. Qxf7 Qd7 26. Qd5 Rb8 27. Bf4
Bf8 28. Re1 Rxb5 29. Nd2 Qb7 30. Qxb7+ Rxb7 31. Re8 Be7 32. Nc4 d5 33. Na5 Rd7
34. Be5 g5 35. Nc6 Bd6 36. Rh8+ Kg6 37. Rg8+ Kf7 38. Rh8 Bf8 39. Bb2 Ke8 40.
Ne5 Rb7 41. Ba3 Rb5 42. g4 Bc2 43. Bxc5 Rxc5 44. Rxf8+ Kxf8 45. Nd7+ Ke7 46.
Nxc5 Kd6 47. b4 d4 48. Kf1 Kd5 49. Ke2 Kc4 50. Kd2 Bg6 51. Ne6 Be4 1/2-1/2

[Event "Tradewise Gibraltar Chess Festival 2013"]
[Site "Gibraltar ENG"]
[Date "2013.01.22"]
[Round "1.66"]
[White "Roser, Kevin"]
[Black "Spanton, Tim R"]
[Result "1-0"]
[WhiteElo "2409"]
[BlackElo "2017"]
[PlyCount "109"]
[EventDate "2013.01.22"]
[EventType "swiss"]
[EventRounds "10"]
[EventCountry "ENG"]
[Source "lmi"]
[SourceDate "2013.01.22"]

1. e4 e5 2. Nf3 Nc6 3. Bb5 Nge7 4. Nc3 Ng6 5. d4 exd4 6. Nxd4 Bc5 7. Nf5 O-O 8.
Be3 Bxe3 9. Nxe3 d6 10. h4 h6 11. g3 a6 12. Bf1 Re8 13. h5 Nge5 14. Be2 b5 15.
a3 Be6 16. b3 f6 17. f4 Nd7 18. Qd2 Nc5 19. Bf3 Qd7 20. O-O Bf7 21. Kh2 Rad8
22. Rad1 Kh8 23. Qg2 b4 24. axb4 Nxb4 25. Rfe1 Rf8 26. Rd2 Qe8 27. g4 Ne6 28.
Qg3 Nc6 29. Nf5 Ne7 30. Nd5 Ng8 31. Nh4 c5 32. Nf5 g6 33. hxg6 Bxg6 34. Nde3 h5
35. Rxd6 Rf7 36. Rxd8 Qxd8 37. Rd1 Nd4 38. gxh5 Bxf5 39. Nxf5 Nxf3+ 40. Qxf3
Qf8 41. Rd5 Ne7 42. Nxe7 Qxe7 43. Kh3 Rg7 44. Rd2 Qe6+ 45. f5 Qf7 46. Rg2 Rxg2
47. Kxg2 Qg7+ 48. Kf2 Qd7 49. Qe3 Kh7 50. Ke2 Qd6 51. e5 fxe5 52. Qg5 Qd4 53.
Qg6+ Kh8 54. f6 Qd7 55. f7 1-0

[Event "Tradewise Gibraltar Chess Festival 2013"]
[Site "Gibraltar ENG"]
[Date "2013.01.22"]
[Round "1.67"]
[White "Hackner, Oskar A"]
[Black "Kjartansson, Gudmundur"]
[Result "0-1"]
[WhiteElo "2015"]
[BlackElo "2408"]
[PlyCount "90"]
[EventDate "2013.01.22"]
[EventType "swiss"]
[EventRounds "10"]
[EventCountry "ENG"]
[Source "lmi"]
[SourceDate "2013.01.22"]

1. d4 Nf6 2. c4 g6 3. Nc3 Bg7 4. e4 d6 5. Bd3 O-O 6. Nge2 a6 7. f3 Nbd7 8. Be3
c5 9. Rc1 b6 10. Qd2 cxd4 11. Nxd4 Bb7 12. O-O Rc8 13. Be2 e6 14. Nb3 Qc7 15.
Rfd1 Ne8 16. Bf1 h5 17. h3 Kh7 18. Qf2 Bh6 19. Bxh6 Kxh6 20. Qd2+ Kh7 21. Qe3
Rd8 22. Rd2 Nef6 23. Qd4 Ne8 24. Qe3 Nc5 25. Nd4 Nf6 26. b4 Ncd7 27. Nb3 Ba8
28. Qd4 Ne8 29. Na4 Bc6 30. Nb2 Rc8 31. a4 a5 32. bxa5 bxa5 33. c5 d5 34. exd5
Bxd5 35. Bc4 Nef6 36. Bxd5 Nxd5 37. c6 Ne5 38. Nd3 Nxc6 39. Qc5 Qb8 40. Nxa5
Ne5 41. Qb5 Nxd3 42. Rxc8 Qa7+ 43. Kh1 Rxc8 44. Rxd3 Rc1+ 45. Kh2 Rc5 0-1

[Event "Tradewise Gibraltar Chess Festival 2013"]
[Site "Gibraltar ENG"]
[Date "2013.01.22"]
[Round "1.68"]
[White "Arakhamia-Grant, Ketevan"]
[Black "Baeza Escudero, Javier"]
[Result "1-0"]
[WhiteElo "2405"]
[BlackElo "2009"]
[PlyCount "65"]
[EventDate "2013.01.22"]
[EventType "swiss"]
[EventRounds "10"]
[EventCountry "ENG"]
[Source "lmi"]
[SourceDate "2013.01.22"]

1. e4 c5 2. Nc3 d6 3. f4 g6 4. Nf3 Bg7 5. Bc4 e6 6. d4 cxd4 7. Nxd4 a6 8. Be3
Ne7 9. Qd2 O-O 10. O-O-O Qc7 11. Bb3 Rd8 12. g4 Nbc6 13. f5 d5 14. exd5 Nxd5
15. Nxd5 exd5 16. Rhf1 Na5 17. Bh6 Nxb3+ 18. axb3 Bh8 19. Rf3 Bd7 20. Rdf1 Be8
21. c3 Rac8 22. Bg5 Rd7 23. fxg6 hxg6 24. Rh3 Bg7 25. Bh6 Qe5 26. Bxg7 Qxg7 27.
Re3 Rdd8 28. Kb1 b5 29. b4 Ra8 30. Re7 a5 31. Ne6 Qe5 32. Re1 Qd6 33. Qh6 1-0

[Event "Tradewise Gibraltar Chess Festival 2013"]
[Site "Gibraltar ENG"]
[Date "2013.01.22"]
[Round "1.69"]
[White "Reppen, Ellisiv"]
[Black "Bellon Lopez, Juan Manuel"]
[Result "0-1"]
[WhiteElo "2005"]
[BlackElo "2404"]
[PlyCount "96"]
[EventDate "2013.01.22"]
[EventType "swiss"]
[EventRounds "10"]
[EventCountry "ENG"]
[Source "lmi"]
[SourceDate "2013.01.22"]

1. e4 c5 2. Nf3 e6 3. c3 Qa5 4. Be2 Nf6 5. e5 Nd5 6. O-O Nf4 7. d4 Nxe2+ 8.
Qxe2 Qa6 9. Qe4 Qc6 10. Qe2 b6 11. Rd1 Bb7 12. Be3 Be7 13. Nbd2 O-O 14. Nf1 f5
15. Qd2 h6 16. Bxh6 gxh6 17. Qxh6 Rf7 18. Ng3 Rg7 19. Nh5 Rxg2+ 20. Kxg2 Qxf3+
21. Kf1 Qg2+ 22. Ke1 Qg1+ 23. Ke2 Ba6+ 24. Ke3 Bg5+ 25. Nf4 Bxh6 26. Rxg1+ Kf7
27. Rg3 Nc6 28. Rag1 cxd4+ 29. cxd4 Ne7 30. Rh3 Rh8 31. Kf3 Nc6 32. Rd1 Nb4 33.
a3 Nc6 34. b4 Bc4 35. Rh4 Bb3 36. Rd3 Bc2 37. Rd2 Bxf4 38. Rxf4 Be4+ 39. Kg3
Rg8+ 40. Kh4 Ne7 41. Rxe4 fxe4 42. Kh3 Ng6 43. Rc2 Nf4+ 44. Kh4 Rg2 45. Rc7 Ke7
46. Rxa7 Rxf2 47. Kg3 e3 48. Rc7 Nd3 0-1

[Event "Tradewise Gibraltar Chess Festival 2013"]
[Site "Gibraltar ENG"]
[Date "2013.01.22"]
[Round "1.70"]
[White "Melia, Salome"]
[Black "Canonne, Antoine"]
[Result "1-0"]
[WhiteElo "2403"]
[BlackElo "2002"]
[PlyCount "87"]
[EventDate "2013.01.22"]
[EventType "swiss"]
[EventRounds "10"]
[EventCountry "ENG"]
[Source "lmi"]
[SourceDate "2013.01.22"]

1. e4 c5 2. Nf3 e6 3. d4 cxd4 4. Nxd4 Bc5 5. Nb3 Bb6 6. Nc3 Ne7 7. Bf4 O-O 8.
Bd6 f5 9. Qd2 Nbc6 10. O-O-O Bc7 11. Nb5 Bxd6 12. Nxd6 fxe4 13. Nc5 Nf5 14.
Ncxe4 Nxd6 15. Nxd6 Qf6 16. f3 Ne5 17. Kb1 a6 18. Bd3 b5 19. Be4 Rb8 20. Qd4
Nc4 21. Qxf6 gxf6 22. Nxc8 Rfxc8 23. Rxd7 f5 24. Bb7 Re8 25. f4 Nb6 26. Rc7 Nd5
27. Bxd5 exd5 28. Rd7 Re4 29. Rxd5 Rxf4 30. Rhd1 Re8 31. R5d2 Re7 32. c3 a5 33.
Kc2 b4 34. Rd7 Rf2+ 35. R1d2 Rxd2+ 36. Rxd2 bxc3 37. bxc3 Kg7 38. Kb3 Re4 39.
c4 Kf6 40. c5 Ke5 41. Rc2 Rb4+ 42. Ka3 Rb7 43. c6 Rc7 44. Ka4 1-0

[Event "Tradewise Gibraltar Chess Festival 2013"]
[Site "Gibraltar ENG"]
[Date "2013.01.22"]
[Round "1.71"]
[White "Gromovs, Sergejs"]
[Black "Milliet, Sophie"]
[Result "1/2-1/2"]
[WhiteElo "2001"]
[BlackElo "2403"]
[PlyCount "66"]
[EventDate "2013.01.22"]
[EventType "swiss"]
[EventRounds "10"]
[EventCountry "ENG"]
[Source "lmi"]
[SourceDate "2013.01.22"]

1. d4 Nf6 2. c4 e6 3. Nf3 c5 4. d5 b5 5. Bg5 b4 6. e4 d6 7. Bd3 Be7 8. Qc1 e5
9. h3 a5 10. a4 Nbd7 11. b3 Nf8 12. Qe3 h6 13. Bxf6 Bxf6 14. Nbd2 Bd7 15. O-O-O
Qe7 16. Nf1 O-O-O 17. N1h2 g6 18. Nd2 Bg7 19. g4 f5 20. gxf5 gxf5 21. Rdg1 f4
22. Qe1 Bxh3 23. Ng4 Bxg4 24. Rxg4 Bf6 25. Bf1 h5 26. Rgg1 Kb7 27. Bh3 Nh7 28.
Be6 Ng5 29. Rxg5 Bxg5 30. f3 h4 31. Bh3 Bf6 32. Be6 h3 33. Bxh3 Rdg8 1/2-1/2

[Event "Tradewise Gibraltar Chess Festival 2013"]
[Site "Gibraltar ENG"]
[Date "2013.01.22"]
[Round "1.73"]
[White "Rios Gonzalez, Jose Antonio"]
[Black "Teran Alvarez, Ismael"]
[Result "0-1"]
[WhiteElo "1990"]
[BlackElo "2399"]
[PlyCount "102"]
[EventDate "2013.01.22"]
[EventType "swiss"]
[EventRounds "10"]
[EventCountry "ENG"]
[Source "lmi"]
[SourceDate "2013.01.22"]

1. d4 Nf6 2. c4 c5 3. d5 a6 4. Nc3 b5 5. g3 b4 6. Nb1 g6 7. Bg2 d6 8. Nd2 Bg7
9. Qc2 O-O 10. Ngf3 Ra7 11. O-O e5 12. e4 Nh5 13. h3 f5 14. a3 bxa3 15. Rxa3
Raf7 16. Ne1 Nd7 17. Ndf3 h6 18. Nh4 Qf6 19. Rf3 f4 20. Kh2 Qg5 21. Bh1 Nxg3
22. fxg3 fxg3+ 23. Kg2 Qxh4 24. Rxf7 Rxf7 25. Rxf7 Kxf7 26. Nf3 Qe7 27. Kxg3
Nf6 28. Bg2 Nh5+ 29. Kh2 Nf4 30. Bf1 Qd7 31. Bxf4 exf4 32. b4 Qc7 33. e5 Bxe5
34. bxc5 Qxc5 35. Bd3 g5 36. Bf5 Bf6 37. Bxc8 Qxc8 38. Qh7+ Bg7 39. Nd4 Qb8 40.
Qf5+ Kg8 41. Ne6 Qb2+ 42. Kh1 Qc1+ 43. Kg2 Qd2+ 44. Kf1 Qd1+ 45. Kf2 Qd2+ 46.
Kf1 Qc1+ 47. Kg2 Qb2+ 48. Kh1 Qe5 49. Qg6 f3 50. Qe8+ Kh7 51. Nxg7 Qa1+ 0-1

[Event "Tradewise Gibraltar Chess Festival 2013"]
[Site "Gibraltar ENG"]
[Date "2013.01.22"]
[Round "1.74"]
[White "Quillan, Gary"]
[Black "Suez-Panama, Gilles"]
[Result "1-0"]
[WhiteElo "2398"]
[BlackElo "1989"]
[PlyCount "69"]
[EventDate "2013.01.22"]
[EventType "swiss"]
[EventRounds "10"]
[EventCountry "ENG"]
[Source "lmi"]
[SourceDate "2013.01.22"]

1. e4 e6 2. d4 d5 3. Nd2 Nf6 4. e5 Nfd7 5. c3 c5 6. Bd3 Nc6 7. Ne2 cxd4 8. cxd4
f6 9. exf6 Qxf6 10. Nf3 h6 11. O-O Bd6 12. Bc2 O-O 13. Be3 Rd8 14. Qd2 Nf8 15.
Bf4 Bb4 16. Qd3 Bd7 17. a3 Be7 18. Ne5 Be8 19. Bg3 Rac8 20. Rac1 Na5 21. f4 Nc4
22. f5 Nxb2 23. Qb3 Nc4 24. fxe6 Qg5 25. Bf4 Qh4 26. Ng3 Nd6 27. Nf7 Nxf7 28.
exf7+ Bxf7 29. Nf5 Qf6 30. Be5 Qe6 31. Nxg7 Qg4 32. Bf5 Qxg7 33. Bxg7 Rxc1 34.
Rxc1 Kxg7 35. Qg3+ 1-0

[Event "Tradewise Gibraltar Chess Festival 2013"]
[Site "Gibraltar ENG"]
[Date "2013.01.22"]
[Round "1.76"]
[White "Jones, Richard S"]
[Black "Campos Calvo-Sotelo, Juan"]
[Result "1-0"]
[WhiteElo "2393"]
[BlackElo "1978"]
[PlyCount "77"]
[EventDate "2013.01.22"]
[EventType "swiss"]
[EventRounds "10"]
[EventCountry "ENG"]
[Source "lmi"]
[SourceDate "2013.01.22"]

1. e4 e6 2. d4 a6 3. Nf3 b5 4. Bd3 c5 5. c3 Bb7 6. O-O Nf6 7. Qe2 Nc6 8. e5 Nd5
9. Be4 Nce7 10. dxc5 Ng6 11. b4 Qc7 12. Re1 Be7 13. a4 bxa4 14. Rxa4 O-O 15. c4
Ndf4 16. Bxf4 Nxf4 17. Qe3 Ng6 18. Bxb7 Qxb7 19. Nbd2 Rfb8 20. Ne4 Qc7 21. Nd6
f5 22. Rea1 Bxd6 23. exd6 Qb7 24. Nd4 f4 25. Qf3 Qxf3 26. Nxf3 e5 27. Ng5 Nf8
28. b5 h6 29. Ne4 a5 30. Rxa5 Rxa5 31. Rxa5 Ne6 32. Ra7 Nd4 33. h3 Kh7 34. b6
Nc6 35. Rxd7 Ra8 36. Rc7 Ra1+ 37. Kh2 Nd4 38. d7 Ne6 39. Rc6 1-0

[Event "Tradewise Gibraltar Chess Festival 2013"]
[Site "Gibraltar ENG"]
[Date "2013.01.22"]
[Round "1.77"]
[White "Onabogun, Kolade"]
[Black "Karavade, Eesha"]
[Result "1/2-1/2"]
[WhiteElo "1978"]
[BlackElo "2391"]
[PlyCount "84"]
[EventDate "2013.01.22"]
[EventType "swiss"]
[EventRounds "10"]
[EventCountry "ENG"]
[Source "lmi"]
[SourceDate "2013.01.22"]

1. e4 c5 2. Nf3 d6 3. d4 cxd4 4. Nxd4 Nf6 5. Nc3 a6 6. Bg5 e6 7. f4 Qc7 8. Qe2
Nbd7 9. O-O-O Be7 10. g4 h6 11. Bh4 g5 12. fxg5 Nh7 13. Nf3 hxg5 14. Bg3 Ne5
15. Nxe5 dxe5 16. h4 gxh4 17. Bxh4 Ng5 18. Qe3 Rg8 19. Kb1 Bd7 20. Bf2 Rc8 21.
Bd3 b5 22. Rh5 b4 23. Ne2 Bb5 24. Ng3 Bxd3 25. Qxd3 Rd8 26. Qe2 Rxd1+ 27. Qxd1
Bc5 28. Bxc5 Qxc5 29. Rh2 Ke7 30. Rd2 Qc6 31. Qh1 a5 32. Rd3 a4 33. Qe1 Qc5 34.
a3 Rb8 35. Qd2 Qg1+ 36. Ka2 b3+ 37. cxb3 axb3+ 38. Rxb3 Rxb3 39. Qxg5+ Kd7 40.
Qd2+ Ke8 41. Kxb3 Qxg3+ 42. Qc3 Qf4 1/2-1/2

[Event "Tradewise Gibraltar Chess Festival 2013"]
[Site "Gibraltar ENG"]
[Date "2013.01.22"]
[Round "1.79"]
[White "Sielicki, Tomasz"]
[Black "Georgiadis, Nico"]
[Result "0-1"]
[WhiteElo "1969"]
[BlackElo "2369"]
[PlyCount "68"]
[EventDate "2013.01.22"]
[EventType "swiss"]
[EventRounds "10"]
[EventCountry "ENG"]
[Source "lmi"]
[SourceDate "2013.01.22"]

1. d4 d5 2. Bg5 h6 3. Bh4 c6 4. e3 Qb6 5. Qc1 e5 6. Nf3 e4 7. Nfd2 Ne7 8. c4
Nf5 9. Bg3 Nxg3 10. hxg3 Be6 11. Nc3 Nd7 12. c5 Qd8 13. b4 Qg5 14. b5 Be7 15.
Rb1 O-O 16. bxc6 bxc6 17. Ba6 Rab8 18. Bb7 Bxc5 19. Bxc6 Bb4 20. Bxd7 Bxd7 21.
a3 Bxc3 22. Qxc3 Rxb1+ 23. Nxb1 Rc8 24. Qb2 Bb5 25. Nc3 Bd3 26. Kd2 Qf6 27. Ke1
Qd8 28. Kd2 Rb8 29. Qa2 Qa5 30. Ra1 Bc4 31. Qc2 Bd3 32. Qa2 Qa6 33. Rc1 Bf1 34.
Nxd5 Qe2+ 0-1

[Event "Tradewise Gibraltar Chess Festival 2013"]
[Site "Gibraltar ENG"]
[Date "2013.01.22"]
[Round "1.81"]
[White "Rydell, Marten"]
[Black "Vojinovic, Jovana"]
[Result "1/2-1/2"]
[WhiteElo "1960"]
[BlackElo "2359"]
[PlyCount "61"]
[EventDate "2013.01.22"]
[EventType "swiss"]
[EventRounds "10"]
[EventCountry "ENG"]
[Source "lmi"]
[SourceDate "2013.01.22"]

1. e4 c5 2. d4 cxd4 3. c3 dxc3 4. Nxc3 e6 5. Bc4 a6 6. Nf3 Nc6 7. O-O Nge7 8.
Bg5 h6 9. Be3 Ng6 10. Nd4 Be7 11. Nf5 b5 12. Nd5 exd5 13. Bxd5 Kf8 14. Qh5 Bb7
15. f4 Na5 16. Bd4 Bf6 17. Bc5+ Kg8 18. Nd6 Bxd5 19. Qxd5 Ne7 20. Qxf7+ Kh7 21.
e5 Rf8 22. Qh5 g6 23. Qh3 Bg7 24. b4 Nac6 25. Rad1 Rb8 26. Ne4 Rf5 27. g4 Rf8
28. Ng5+ Kh8 29. Ne6 dxe6 30. Rxd8 Rfxd8 31. Bd6 1/2-1/2

[Event "Tradewise Gibraltar Chess Festival 2013"]
[Site "Gibraltar ENG"]
[Date "2013.01.22"]
[Round "1.82"]
[White "Sanchez Ibern, Marc"]
[Black "Cebada Benitez, Fernando"]
[Result "1-0"]
[WhiteElo "2356"]
[BlackElo "1958"]
[PlyCount "65"]
[EventDate "2013.01.22"]
[EventType "swiss"]
[EventRounds "10"]
[EventCountry "ENG"]
[Source "lmi"]
[SourceDate "2013.01.22"]

1. e4 c5 2. Nc3 a6 3. Nge2 Nc6 4. g3 e6 5. Bg2 Nge7 6. O-O g6 7. d4 cxd4 8.
Nxd4 Bg7 9. Be3 d6 10. a4 O-O 11. Nb3 b6 12. Qd2 Qc7 13. Rad1 Rd8 14. f4 Bb7
15. Qf2 Nc8 16. g4 Nb4 17. Rd2 Rb8 18. g5 Bc6 19. Nd4 Be8 20. f5 e5 21. Nb3 d5
22. exd5 Nd6 23. fxg6 hxg6 24. Ne4 Nxe4 25. Bxe4 Bxa4 26. Nc1 a5 27. h4 Bb5 28.
Ne2 Rd7 29. b3 Bxe2 30. Qxe2 Rbd8 31. c4 Bf8 32. h5 Qd6 33. Rf6 1-0

[Event "Tradewise Gibraltar Chess Festival 2013"]
[Site "Gibraltar ENG"]
[Date "2013.01.22"]
[Round "1.83"]
[White "Henrichsen, Jens"]
[Black "Wemmers, Xander"]
[Result "0-1"]
[WhiteElo "1957"]
[BlackElo "2349"]
[PlyCount "46"]
[EventDate "2013.01.22"]
[EventType "swiss"]
[EventRounds "10"]
[EventCountry "ENG"]
[Source "lmi"]
[SourceDate "2013.01.22"]

1. d4 Nf6 2. c4 e6 3. Nf3 Bb4+ 4. Bd2 a5 5. Nc3 O-O 6. g3 b6 7. Bg2 Bb7 8. O-O
d6 9. b3 Nbd7 10. Qc2 Qe7 11. a3 Bxc3 12. Bxc3 Be4 13. Qb2 c6 14. b4 axb4 15.
axb4 b5 16. cxb5 cxb5 17. Nd2 Bxg2 18. Kxg2 Nb6 19. Ra5 Qd7 20. Qb3 Rac8 21.
Kg1 Rc7 22. Ra6 Na4 23. Nb1 Qc8 0-1

[Event "Tradewise Gibraltar Chess Festival 2013"]
[Site "Gibraltar ENG"]
[Date "2013.01.22"]
[Round "1.84"]
[White "Ortega Ruiz, Jose Miguel"]
[Black "Agbabishvili, Lali"]
[Result "1-0"]
[WhiteElo "2349"]
[BlackElo "1954"]
[PlyCount "133"]
[EventDate "2013.01.22"]
[EventType "swiss"]
[EventRounds "10"]
[EventCountry "ENG"]
[Source "lmi"]
[SourceDate "2013.01.22"]

1. d4 d6 2. e4 Nf6 3. Nc3 g6 4. f4 Bg7 5. Nf3 c5 6. Bb5+ Bd7 7. e5 Ng4 8. e6
fxe6 9. Ng5 Bxb5 10. Nxe6 Bxd4 11. Nxb5 Qa5+ 12. c3 Bf2+ 13. Kd2 Be3+ 14. Kc2
Qa4+ 15. Kb1 Qxd1 16. Rxd1 Kd7 17. Nec7 Bxc1 18. Kxc1 Nc6 19. Nxa8 Rxa8 20. Kd2
Rf8 21. g3 h5 22. Rh1 e5 23. Raf1 a6 24. Na3 e4 25. Nc2 d5 26. h3 Nf6 27. g4 d4
28. f5 g5 29. cxd4 cxd4 30. h4 e3+ 31. Ke2 gxh4 32. Rxh4 hxg4 33. Rd1 Kd6 34.
Nxd4 Nxd4+ 35. Rxd4+ Ke5 36. Kxe3 Kxf5 37. Rh1 Re8+ 38. Kf2 Kg5 39. Rc1 Ne4+
40. Kg2 Kf4 41. Rf1+ Ke3 42. Rd7 b5 43. Re1+ Kf4 44. Rf7+ Kg5 45. Rg7+ Kf4 46.
Rf1+ Ke3 47. Rxg4 Kd2 48. Rg6 Kc2 49. b4 Kb2 50. Rxa6 Rg8+ 51. Kh3 Rh8+ 52. Kg4
Rg8+ 53. Kf4 Rf8+ 54. Kxe4 Rxf1 55. Kd5 Rc1 56. Ra5 Rc2 57. Rxb5 Kxa2 58. Rc5
Rh2 59. b5 Rh5+ 60. Kc6 Rh6+ 61. Kb7 Kb3 62. b6 Kb4 63. Rg5 Rh1 64. Ka8 Ra1+
65. Kb8 Kc4 66. b7 Kd4 67. Kc7 1-0

[Event "Tradewise Gibraltar Chess Festival 2013"]
[Site "Gibraltar ENG"]
[Date "2013.01.22"]
[Round "1.85"]
[White "Georgieva, Emilia"]
[Black "Godard, Maxence"]
[Result "0-1"]
[WhiteElo "1949"]
[BlackElo "2340"]
[PlyCount "82"]
[EventDate "2013.01.22"]
[EventType "swiss"]
[EventRounds "10"]
[EventCountry "ENG"]
[Source "lmi"]
[SourceDate "2013.01.22"]

1. d4 Nf6 2. Nf3 e6 3. Bg5 h6 4. Bh4 c5 5. e3 Nc6 6. c3 d5 7. Nbd2 Bd7 8. Bd3
Qb6 9. Qb1 Be7 10. O-O a6 11. Re1 O-O 12. Ne5 Rad8 13. f4 Bc8 14. g4 Nd7 15.
Bxe7 Nxe7 16. Ndf3 Nxe5 17. fxe5 f5 18. exf6 Rxf6 19. Ne5 Nc6 20. Ng6 Qc7 21.
g5 hxg5 22. Qd1 e5 23. Qh5 e4 24. Rf1 Bf5 25. Rxf5 Rxf5 26. Be2 Qd6 27. Rf1
Rxf1+ 28. Bxf1 cxd4 29. cxd4 Qf6 30. Bh3 Rd6 31. Ne5 g6 32. Qg4 Nxe5 33. dxe5
Qxe5 34. Qc8+ Kg7 35. Qxb7+ Kh6 36. Bg4 Qf6 37. Be2 Rd8 38. Qc7 Rf8 39. Qg3
Qxb2 40. Qh3+ Kg7 41. Bf1 Qf2+ 0-1